Sports Quiz

Random Sports or Football Quiz
Score 0/50 Timer 04:00
0 Plays Today
Rating Player Name % Correct
117.2Tom Brady
98.4%
112.2Tom Brady
98.4%
111.0Tom Brady
98.3%
105.6Tom Brady
98.3%
121.1Peyton Manning
96.7%
115.1Peyton Manning
96.7%
105.8Peyton Manning
96.7%
104.1Peyton Manning
96.7%
122.5Aaron Rodgers
92.9%
112.2Aaron Rodgers
92.9%
108.0Aaron Rodgers
92.9%
104.9Aaron Rodgers
92.9%
104.2Aaron Rodgers
92.9%
103.2Aaron Rodgers
92.9%
110.6Drew Brees
90.1%
109.6Drew Brees
90.1%
104.8Drew Brees
90.1%
104.7Drew Brees
90.1%
112.4Joe Montana
81.5%
102.9Joe Montana
81.5%
112.8Steve Young
77.8%
107.0Steve Young
77.8%
104.7Steve Young
77.8%
117.1Matt Ryan
77.3%
107.2Brett Favre
77.1%
Rating Player Name % Correct
108.9Dan Marino
76.7%
104.1Ben Roethlisberger
73.5%
103.3Ben Roethlisberger
73.5%
105.5Philip Rivers
72.6%
105.5Philip Rivers
72.6%
104.4Philip Rivers
72.6%
110.1Russell WIlson
71.3%
113.2Tony Romo
63.6%
102.5Tony Romo
63.6%
109.2Kurt Warner
60.9%
104.7Donovan McNabb
56%
104.6Carson Palmer
55.3%
110.9Daunte Culpepper
44%
105.0Bart Starr
40.4%
106.2Andy Dalton
36.8%
119.2Nick Foles
36.6%
104.9Dak Prescott
35.1%
106.0Randall Cunningham
31.9%
104.8Y.A. Tittle
21.5%
103.4Ken Stabler
21.1%
104.2Chad Pennington
19.6%
110.4Milt Plum
18.3%
102.9Brian Griese
17.3%
102.5Bert Jones
13.2%
109.0Josh McCown
6.3%
Remove Ads.
Support Sporcle.
Get the best of Sporcle when you Go Orange. This ad-free experience offers more features, more stats, and more fun while also helping to support Sporcle. Thank you for becoming a member.

You're not logged in!

Compare scores with friends on all Sporcle quizzes.
OR
Log In

Sporcle TV

Today on Sporcle TV


Watch our educational content, quiz creation guides, and fun videos on Sporcle TV.

Show Comments

Extras

Top Quizzes Today


Score Distribution

Paid Content

Your Account Isn't Verified!

In order to create a playlist on Sporcle, you need to verify the email address you used during registration. Go to your Sporcle Settings to finish the process.

Report this User

Report this user for behavior that violates our Community Guidelines.

Details: